Statistics for XFL Teams 2023

Click here to take the quiz!

General Stats

  • This quiz has been taken 36 times
  • The average score is 5 of 8

Answer Stats

Answer% Correct
Seattle Sea Dragons
93%
Houston Roughnecks
76%
DC Defenders
69%
St. Louis Battlehawks
66%
Las Vegas Vipers
62%
Orlando Guardians
55%
Arlington Renegades
48%
San Antonio Brahmas
45%

Score Distribution

Percentile by Number Answered

Percent of People with Each Score

Your Score History

You have not taken this quiz